=LDR 00000nam 2200000 4500 =001 INLIS000000000030300 =005 20251104093400 =035 ##$$a 0010-061300000030300 =008 251104################g##########0#ind## =041 ##$$a Ind =082 ##$$a 658 =090 ##$$a 658, Sab m =100 1#$$a Sabarguna, Boy S =245 1#$$a Manajemen keuangan rumah sakit /$c Boy S. Sabarguna ; penyunting, Istia Bakti Widodo =260 ##$$a Solo :$b Konsorsium Rumah Sakit Islam Jateng-DIY,$c 2007 =300 ##$$a 144 hlm. : $b ilus. ; $c 21 cm =650 #4$$a manajemen =850 ##$$a NBPNMAT =020 ##$$a 979-97818-2-5 =084 ##$$a 658 SAB m =700 #$$a Istia Bakti Widodo =990 ##$$a 10251025 =990 ##$$a 30708832